000 00382nam a22001337a 4500
008 230629b xxu||||| |||| 00| 0 eng d
020 _a0435973738
082 _a338.9
_bKIL 1981
100 _cTony Killick
245 _aPolicy Economics
_bA Textbook of Applied Economics on Developing Countries
260 _bHeinemann Educational Books
_c1981
300 _aVI,312p
942 _2ddc
_cBK
999 _c2993
_d2993